000 01065nam a2200277 i 4500
001 192208
003 SpMaBN
005 20240205142330.0
008 221119s2020 sp a | |||| 000 j spa
017 _aAL 1232-2020
_bOficina Depósito Legal Almería
020 _a9788413635477
040 _aSpMaBN
_bspa
_cSpMaBN
_erda
080 _a821.134.2-34"19"
100 1 _aGarcía-Herraiz Pérez, Enrique,
_d1927-
_eaut
_9235001
245 1 0 _aSiete relatos de la edad tardía /
_cEnrique García-Herraiz.
250 _aPrimera edición: julio 2020
260 _aRoquetas de Mar [Almería] :
_bCírculo Rojo,
_c2020.
300 _a104 páginas :
_bilustraciones (blanco y negro y color) ;
_c21 cm.
500 _aÍndice
650 7 _2embne
_aCuentos
_9175847
852 4 _aES-MaACL
_jN-8160
_xDedicatoria autógrafa del autor
_hDonación: Enrique García-Herraiz Pérez
_cDEPOJ
_9199490
903 _aGarcía-Herraiz Pérez, Enrique,
_d1927-
_ednr
_9235001
942 _cMONOGRAFIA
_n0
999 _c192208
_d192208